000 00253nam a2200109Ia 4500
008 190216s9999||||xx |||||||||||||| ||und||
100 _aO M Anujan
245 0 _aAktheyan
260 _bSahithya Pravarthaka Co-Operative
650 _aKavitha
942 _cBK
999 _c24149
_d24149